[Event "3rd Women's Chess Grand Prix"]
[Site "Nalchik RUS"]
[Date "2010.04.30"]
[EventDate "2010.04.26"]
[Round "5"]
[Result "0-1"]
[White "Betul Cemre Yildiz"]
[Black "Baira Kovanova"]
[WhiteElo "2244"]
[BlackElo "2385"]
[PlyCount "52"]

1. e4 e5 2. Nf3 Nc6 3. d4 exd4 4. Nxd4 Nf6 5. Nxc6 bxc6 6. Bd3
d6 7. O-O Be7 8. b3 O-O 9. Bb2 Nd7 10. Nd2 Nc5 11. Qf3 Bd7
12. Rfe1 Nxd3 13. Qxd3 Re8 14. Nc4 Bf8 15. Ne3 Qg5 16. Rad1
Qg6 17. f3 Rad8 18. Qd4 a6 19. a4 d5 20. e5 Be6 21. b4 Rb8
22. Bc3 a5 23. Qa7 axb4 24. Ba1 c5 25. Nxd5 Bxd5 26. Rxd5 Qc6
0-1

[Event "3rd Women's Chess Grand Prix"]
[Site "Nalchik RUS"]
[Date "2010.05.02"]
[EventDate "2010.04.26"]
[Round "6"]
[Result "1-0"]
[White "Koneru Humpy"]
[Black "Betul Cemre Yildiz"]
[WhiteElo "2622"]
[BlackElo "2244"]
[PlyCount "79"]

1. d4 d5 2. c4 dxc4 3. e3 e5 4. Bxc4 exd4 5. exd4 Bd6 6. Nf3
Nf6 7. O-O O-O 8. Nc3 Nc6 9. h3 h6 10. Re1 Re8 11. Be3 Bf5
12. Nh4 Bh7 13. a3 Qd7 14. Rc1 a6 15. Bb3 Ne7 16. Nf3 Nf5
17. Bd2 Rad8 18. g4 Rxe1+ 19. Bxe1 Ne7 20. Ne5 Bxe5 21. dxe5
Qxd1 22. Nxd1 Nfd5 23. f4 c6 24. Bg3 Nc7 25. f5 Nb5 26. Nf2
Nd4 27. Bc4 Nd5 28. Ne4 b5 29. Bd3 h5 30. Kf2 hxg4 31. hxg4 g6
32. Ng5 gxf5 33. Nxh7 Kxh7 34. gxf5 Kh6 35. Rh1+ Kg7 36. Rh4
c5 37. b4 Nb3 38. f6+ Kg8 39. Bh7+ Kf8 40. Bc2 1-0

[Event "3rd Women's Chess Grand Prix"]
[Site "Nalchik RUS"]
[Date "2010.05.04"]
[EventDate "2010.04.26"]
[Round "8"]
[Result "1/2-1/2"]
[White "Betul Cemre Yildiz"]
[Black "Tatiana Kosintseva"]
[WhiteElo "2244"]
[BlackElo "2524"]
[PlyCount "98"]

1. e4 c5 2. Nf3 Nc6 3. Bb5 g6 4. O-O Bg7 5. c3 Nf6 6. Re1 O-O
7. d4 d5 8. e5 Ne4 9. Bxc6 bxc6 10. Nbd2 cxd4 11. cxd4 Bf5
12. Nb3 a5 13. Be3 Qb6 14. Qc1 Rab8 15. Re2 a4 16. Nc5 Qb5
17. Qe1 Bg4 18. Rc1 f6 19. e6 Rbc8 20. h3 Bxf3 21. gxf3 Nxc5
22. Rxc5 Qd3 23. Kg2 Qf5 24. Bc1 Qb1 25. a3 f5 26. Qc3 f4
27. Rc2 g5 28. Rxc6 Rxc6 29. Qxc6 Bxd4 30. Rd2 Bf6 31. Rxd5 h5
32. Ra5 Kg7 33. Rxa4 Rd8 34. Rc4 Rd1 35. Rc2 Rd6 36. Qc4 Rxe6
37. Qxe6 Qxc2 38. Qe1 Kf7 39. b4 Bc3 40. Qf1 Bd4 41. a4 e5
42. a5 e4 43. fxe4 Qxe4+ 44. f3 Qc2+ 45. Kh1 Be3 46. Ba3 Qa2
47. Bc1 Qc2 48. Ba3 Qa2 49. Bc1 Qc2 1/2-1/2

[Event "3rd Women's Chess Grand Prix"]
[Site "Nalchik RUS"]
[Date "2010.05.05"]
[EventDate "2010.04.26"]
[Round "9"]
[Result "1-0"]
[White "Pia Cramling"]
[Black "Betul Cemre Yildiz"]
[WhiteElo "2523"]
[BlackElo "2244"]
[PlyCount "189"]

1. c4 e5 2. g3 Nf6 3. Bg2 d5 4. cxd5 Nxd5 5. Nf3 Nc6 6. O-O
Be7 7. d4 exd4 8. Nxd4 Nxd4 9. Qxd4 Nf6 10. Qa4+ c6 11. Rd1
Qb6 12. Be3 Bc5 13. Bxc5 Qxc5 14. b4 Qb6 15. Na3 O-O 16. Nc4
Qc7 17. Qa5 Qe7 18. Nb6 Rb8 19. Qxa7 Bg4 20. h3 Bh5 21. Qa5
Qxe2 22. Re1 Qd3 23. g4 Bg6 24. Rad1 Qc2 25. Qc5 Rbe8 26. Qxc2
Bxc2 27. Rxe8 Rxe8 28. Rd2 Be4 29. Bxe4 Rxe4 30. g5 Ne8
31. Rd8 Kf8 32. a3 f6 33. gxf6 gxf6 34. Kg2 Re1 35. Rb8 Re7
36. Kf3 Kg7 37. Nc4 Kg6 38. a4 f5 39. a5 Re4 40. Nd2 Re7
41. Nb3 Nd6 42. Nc5 Kf6 43. Kf4 Re2 44. Nxb7 Re4+ 45. Kf3 Rxb4
46. a6 Nb5 47. Nc5 Rc4 48. Nd7+ Kg5 49. Rg8+ Kh5 50. Kg2 Ra4
51. Nc5 Rc4 52. Ne6 Ra4 53. Ra8 Kg6 54. Nc5 Rc4 55. Nd7 Ra4
56. Ne5+ Kf6 57. Nxc6 Nc7 58. Rf8+ Kg7 59. Rxf5 Rxa6 60. Rc5
Ne6 61. Rc4 Kf6 62. h4 Kf5 63. Kg3 Ra1 64. Ne7+ Ke5 65. f3 Nd4
66. Nc6+ Nxc6 67. Rxc6 Ra7 68. Kg4 Ra4+ 69. Kg5 Ra1 70. f4+
Kd5 71. Rc7 Rg1+ 72. Kf5 h5 73. Rd7+ Kc6 74. Rh7 Kd6 75. Rxh5
Ke7 76. Rh7+ Kf8 77. h5 Kg8 78. Ra7 Rh1 79. Kg6 Rg1+ 80. Kf6
Rh1 81. Rg7+ Kh8 82. Rb7 Kg8 83. Rb5 Kh7 84. Rb7+ Kg8 85. f5
Rh2 86. Ra7 Rh1 87. Ra8+ Kh7 88. Ke7 Rb1 89. Rd8 Kh6 90. f6
Re1+ 91. Kf8 Re6 92. f7 Kxh5 93. Re8 Ra6 94. Ke7 Ra7+ 95. Ke6
1-0

[Event "3rd Women's Chess Grand Prix"]
[Site "Nalchik RUS"]
[Date "2010.05.06"]
[EventDate "2010.04.26"]
[Round "10"]
[Result "0-1"]
[White "Betul Cemre Yildiz"]
[Black "Lilit Mkrtchian"]
[WhiteElo "2244"]
[BlackElo "2503"]
[PlyCount "68"]

1. e4 c5 2. Nf3 Nc6 3. Bb5 Na5 4. d4 cxd4 5. Nxd4 a6 6. Be2
Qc7 7. O-O Nf6 8. Nc3 e6 9. f4 d6 10. Bf3 Be7 11. Kh1 Bd7
12. Qe1 Nc6 13. Nb3 Rc8 14. Be3 b5 15. g4 h6 16. Qg3 b4
17. Ne2 g5 18. Rad1 gxf4 19. Nxf4 Ne5 20. Nh5 Bc6 21. Nxf6+
Bxf6 22. Nd4 Bb7 23. Bg2 Bg5 24. Bf4 Bxf4 25. Rxf4 Qe7 26. Qb3
Rg8 27. h3 h5 28. gxh5 Qg5 29. Rf2 Qh4 30. Rdf1 Bxe4 31. Nf3
Nxf3 32. Rxf3 Rxg2 33. Kxg2 Rxc2+ 34. Kg1 Qg5+ 0-1

[Event "3rd Women's Chess Grand Prix"]
[Site "Nalchik RUS"]
[Date "2010.05.07"]
[EventDate "2010.04.26"]
[Round "11"]
[Result "1-0"]
[White "Yifan Hou"]
[Black "Betul Cemre Yildiz"]
[WhiteElo "2570"]
[BlackElo "2244"]
[PlyCount "59"]

1. e4 e5 2. Nf3 Nc6 3. Bb5 a6 4. Ba4 Nf6 5. O-O b5 6. Bb3 Bb7
7. Re1 Bc5 8. c3 d6 9. d4 Bb6 10. Be3 h6 11. h3 O-O 12. Nbd2
exd4 13. cxd4 Nb4 14. Qe2 c5 15. a3 Nc6 16. d5 Ne7 17. Bc2 Ne8
18. a4 Qd7 19. b4 f5 20. bxc5 dxc5 21. axb5 axb5 22. Ne5 Qc7
23. Rxa8 Bxa8 24. Qxb5 Qxe5 25. Qxb6 fxe4 26. Bxc5 Qc3
27. Bxe7 Qxd2 28. Bb4 Qxc2 29. Qe6+ Kh8 30. Bxf8 1-0

[Event "FIDE Women Grand Prix"]
[Site "Ulaanbaatar MGL"]
[Date "2010.07.31"]
[EventDate "2010.07.30"]
[Round "2"]
[Result "1-0"]
[White "Yuhua Xu"]
[Black "Betul Cemre Yildiz"]
[WhiteElo "2488"]
[BlackElo "2235"]
[PlyCount "93"]

1. e4 e5 2. Nf3 Nc6 3. Bb5 a6 4. Ba4 Nf6 5. O-O b5 6. Bb3 Bb7
7. d3 Be7 8. a4 O-O 9. Re1 Re8 10. Nbd2 Bf8 11. Nf1 h6 12. Ne3
d6 13. Bd2 Ne7 14. c4 c6 15. Nh4 d5 16. exd5 cxd5 17. axb5
axb5 18. Rxa8 Bxa8 19. cxb5 Qb6 20. Ng4 e4 21. dxe4 Nxg4
22. Qxg4 dxe4 23. Nf5 Ng6 24. Be3 Qf6 25. Bd4 Ne5 26. Qh5 Kh7
27. Ne3 g6 28. Qh3 Bg7 29. Bxe5 Qxe5 30. Bxf7 Rb8 31. Qg4 Qf6
32. Bc4 Qxb2 33. h4 Rf8 34. Re2 Qa1+ 35. Nf1 Qe5 36. Ra2 Qc5
37. Ne3 Qb4 38. Qd1 Qc5 39. Qd7 Qe5 40. Ra7 Qb2 41. Bf7 Kh8
42. Nd1 Qe2 43. Bc4 Qe1+ 44. Bf1 Rg8 45. b6 Bc6 46. Qxc6 Qxd1
47. Ra8 1-0

[Event "FIDE Women Grand Prix"]
[Site "Ulaanbaatar MGL"]
[Date "2010.08.01"]
[EventDate "2010.07.30"]
[Round "3"]
[Result "1/2-1/2"]
[White "Betul Cemre Yildiz"]
[Black "Koneru Humpy"]
[WhiteElo "2235"]
[BlackElo "2600"]
[PlyCount "147"]

1. e4 c5 2. Nf3 e6 3. c4 b6 4. Nc3 Bb7 5. d4 cxd4 6. Nxd4 a6
7. Be2 Qc7 8. Be3 Nf6 9. f3 Be7 10. Rc1 O-O 11. O-O d6 12. a3
Nbd7 13. b4 Rac8 14. Nb3 h5 15. Bf2 Qb8 16. Qd2 Ba8 17. Rfd1
Ne5 18. Na4 Nfd7 19. Qe3 Rc6 20. Nd4 Rc7 21. Nb3 Qc8 22. Nb2
Bf6 23. Qd2 h4 24. Na4 Nxc4 25. Bxc4 Rxc4 26. Qxd6 Rd8 27. Qf4
Qc6 28. Rxc4 Qxc4 29. Qe3 Qc6 30. e5 Be7 31. Nc3 h3 32. Rd4
hxg2 33. Kxg2 Rc8 34. Rd3 Qc7 35. Bg3 Nf8 36. Ne2 Bd5 37. Rc3
Qb7 38. Nbd4 Ng6 39. Rxc8+ Qxc8 40. Nc3 Bg5 41. Qd3 Qc4
42. Qxc4 Bxc4 43. Na4 b5 44. Nc5 Be3 45. Ndb3 Nf4+ 46. Bxf4
Bxf4 47. Na5 Bd5 48. Nd3 Be3 49. Kg3 g5 50. Kg4 Kg7 51. Nc5
Bc1 52. Nxa6 Bxa3 53. Kxg5 Bxf3 54. Nb3 Bb2 55. Kf4 Bd5
56. Nbc5 Kg6 57. Nd3 Bc3 58. Nac5 Bd2+ 59. Kg4 Bc4 60. h3 Bc3
61. Nf4+ Kh6 62. Ncd3 Bd2 63. Kh4 f5 64. exf6 e5 65. f7 Kg7
66. Nxe5 Bxb4 67. Nxc4 bxc4 68. Kg4 Kxf7 69. Kf3 Bd2 70. Ne2
Kf6 71. Ke4 Kg5 72. Kd4 c3 73. Nxc3 Bxc3+ 74. Ke4 1/2-1/2

[Event "FIDE Women Grand Prix"]
[Site "Ulaanbaatar MGL"]
[Date "2010.08.02"]
[EventDate "2010.07.30"]
[Round "4"]
[Result "1/2-1/2"]
[White "Marie Sebag"]
[Black "Betul Cemre Yildiz"]
[WhiteElo "2519"]
[BlackElo "2235"]
[PlyCount "129"]

1. e4 e5 2. Nf3 Nc6 3. Bb5 a6 4. Ba4 Nf6 5. O-O b5 6. Bb3 Bb7
7. d3 Be7 8. a4 O-O 9. Re1 Re8 10. c3 b4 11. a5 h6 12. Nbd2
Bf8 13. Nc4 d6 14. Ne3 Rb8 15. Bd2 bxc3 16. Bxc3 Na7 17. Bc4
c5 18. Nc2 Nc6 19. h3 Nd4 20. Ncxd4 exd4 21. Bd2 d5 22. exd5
Qd6 23. Qa4 Rxe1+ 24. Rxe1 Bxd5 25. b3 Bc6 26. Qa2 Bxf3
27. gxf3 Nd5 28. Kh1 Rd8 29. Re4 Qf6 30. Kg2 h5 31. f4 Qf5
32. Qc2 Bd6 33. Qc1 Bc7 34. Bxd5 Rxd5 35. Qd1 Rd8 36. Qc2 Bd6
37. Qc4 Qg6+ 38. Kf1 Qf5 39. Kg2 Qg6+ 40. Kh2 Kh7 41. b4 cxb4
42. Bxb4 Bxb4 43. Qxb4 Qf6 44. Qc5 g6 45. Kg2 Kg7 46. Kf3 Kh7
47. Qe7 Qxe7 48. Rxe7 Kg7 49. Rb7 Rd5 50. Ke4 Rxa5 51. Kxd4
Ra2 52. Ke3 a5 53. Rb6 a4 54. Ra6 Ra1 55. Kf3 a3 56. Kg2 a2
57. d4 Rd1 58. Rxa2 Rxd4 59. Kg3 Rd3+ 60. f3 Rd1 61. h4 Rg1+
62. Kf2 Rh1 63. Kg3 Rg1+ 64. Kf2 Rh1 65. Kg3 1/2-1/2

[Event "FIDE Women Grand Prix"]
[Site "Ulaanbaatar MGL"]
[Date "2010.08.07"]
[EventDate "2010.07.30"]
[Round "8"]
[Result "0-1"]
[White "Betul Cemre Yildiz"]
[Black "Maia Chiburdanidze"]
[WhiteElo "2235"]
[BlackElo "2514"]
[PlyCount "75"]

1. e4 b6 2. d4 Bb7 3. Bd3 Nf6 4. f3 e6 5. Ne2 d5 6. e5 Nfd7
7. O-O c5 8. c3 Nc6 9. a3 a5 10. Be3 Be7 11. Qe1 Qc8 12. Qg3
g6 13. Bh6 Ba6 14. f4 Qb7 15. Nd2 Bxd3 16. Qxd3 c4 17. Qh3 Rg8
18. Nf3 b5 19. Ng5 Bxg5 20. fxg5 Nb6 21. Rf6 Nd8 22. Raf1 Qe7
23. Ng3 Rb8 24. Nh1 Nd7 25. R6f3 Nc6 26. Nf2 b4 27. axb4 axb4
28. Ng4 Ra8 29. Nf6+ Nxf6 30. exf6 Qa7 31. Bg7 Kd7 32. Qxh7 e5
33. Re3 exd4 34. Qh3+ Kc7 35. cxd4 Qxd4 36. Kh1 Rge8 37. Qg3+
Kb6 38. Qd6 0-1

[Event "FIDE Women Grand Prix"]
[Site "Ulaanbaatar MGL"]
[Date "2010.08.08"]
[EventDate "2010.07.30"]
[Round "9"]
[Result "1-0"]
[White "Batkhuyag Munguntuul"]
[Black "Betul Cemre Yildiz"]
[WhiteElo "2421"]
[BlackElo "2235"]
[PlyCount "135"]

1. e4 e5 2. Nf3 Nc6 3. Bb5 a6 4. Ba4 Nf6 5. O-O b5 6. Bb3 Bb7
7. d3 Be7 8. Nc3 O-O 9. Bd2 d6 10. Nd5 Nxd5 11. Bxd5 Qc8
12. c3 Nd8 13. Bxb7 Qxb7 14. Re1 c5 15. d4 exd4 16. cxd4 Nc6
17. d5 Nb8 18. Rc1 Nd7 19. Bf4 Qb6 20. b4 Rac8 21. bxc5 Rxc5
22. Rxc5 Qxc5 23. Nd4 Bf6 24. Nf5 Ne5 25. Qb3 Rd8 26. Rc1 Nc4
27. a4 g6 28. Be3 Qa3 29. Qxa3 Nxa3 30. Bb6 Ra8 31. Nxd6 b4
32. Bc5 Bb2 33. Rd1 Rb8 34. g4 f6 35. h4 Bc3 36. g5 Kg7
37. Kf1 Be5 38. Ke2 Nc2 39. Nc4 b3 40. Nxe5 fxe5 41. d6 Kf7
42. d7 Nd4+ 43. Bxd4 exd4 44. Kd3 b2 45. Rb1 Ke7 46. Kxd4 Rb4+
47. Kd3 a5 48. f3 Kxd7 49. Kc3 Ke6 50. Rxb2 Rxa4 51. Rb7 Ra3+
52. Kd4 Rxf3 53. Rxh7 Ra3 54. Rg7 Ra4+ 55. Ke3 Ke5 56. Re7+
Kd6 57. Re8 Ra1 58. Rg8 Ke5 59. Rxg6 Ra3+ 60. Kd2 Kxe4 61. h5
Kf5 62. Rg7 Rh3 63. h6 a4 64. Kc2 a3 65. Kb1 Rh2 66. h7 Kf4
67. g6 Ke3 68. Rg8 1-0

[Event "FIDE Women Grand Prix"]
[Site "Ulaanbaatar MGL"]
[Date "2010.08.10"]
[EventDate "2010.07.30"]
[Round "10"]
[Result "0-1"]
[White "Betul Cemre Yildiz"]
[Black "Antoaneta Stefanova"]
[WhiteElo "2235"]
[BlackElo "2560"]
[PlyCount "78"]

1. e4 c6 2. d4 d5 3. Nc3 dxe4 4. Nxe4 Bf5 5. Ng3 Bg6 6. h4 h6
7. Nf3 Nd7 8. h5 Bh7 9. Bd3 Bxd3 10. Qxd3 e6 11. Bd2 Ngf6
12. O-O-O Be7 13. Qe2 c5 14. Rhe1 O-O 15. Nf5 exf5 16. Qxe7
Qc7 17. dxc5 Rfe8 18. Qd6 Qxc5 19. Qxc5 Nxc5 20. Nd4 Nce4
21. Nxf5 Nxf2 22. Rxe8+ Rxe8 23. Rf1 N2e4 24. Bb4 Nxh5
25. Ne7+ Kh7 26. a4 Nhf6 27. a5 a6 28. Rd1 h5 29. Rd3 g5
30. Ba3 h4 31. Rb3 Rb8 32. c4 Kh6 33. c5 Nd7 34. Rf3 Ndxc5
35. b4 Ne6 36. Rxf7 Nf4 37. Bb2 Rd8 38. Bg7+ Kh5 39. Nf5 Kg6
0-1

[Event "FIDE Women Grand Prix"]
[Site "Ulaanbaatar MGL"]
[Date "2010.08.11"]
[EventDate "2010.07.30"]
[Round "11"]
[Result "1-0"]
[White "Tatiana Kosintseva"]
[Black "Betul Cemre Yildiz"]
[WhiteElo "2562"]
[BlackElo "2235"]
[PlyCount "77"]

1. e4 e5 2. Nf3 Nc6 3. Bb5 a6 4. Ba4 Nf6 5. O-O b5 6. Bb3 Bb7
7. d3 Be7 8. Re1 O-O 9. Nbd2 h6 10. a4 Re8 11. c3 b4 12. Nc4
Bf8 13. Bd2 bxc3 14. Bxc3 d6 15. Ba2 Bc8 16. d4 exd4 17. Nxd4
Bd7 18. f3 Nxd4 19. Qxd4 Nh5 20. Ne3 Nf4 21. Kh1 Be6 22. g3
Ng6 23. Bd5 Bxd5 24. Qxd5 Ne5 25. Kg2 Be7 26. Qd2 Bf6 27. Nd5
Nd7 28. Rec1 Bxc3 29. Qxc3 c5 30. Rd1 Rb8 31. Rd2 Ne5 32. Ne3
Qf6 33. Nf5 Re6 34. Rad1 Rb6 35. a5 Rc6 36. f4 Nd7 37. Nd4 Rc8
38. Nxe6 Qxe6 39. Rxd6 1-0

[Event "Chess Olympiad (Women)"]
[Site "Khanty-Mansiysk RUS"]
[Date "2010.09.23"]
[EventDate "2010.09.21"]
[Round "3"]
[Result "0-1"]
[White "Betul Cemre Yildiz"]
[Black "Juliana Sayumi Terao"]
[WhiteElo "2252"]
[BlackElo "2138"]
[PlyCount "68"]

1. e4 e5 2. Nf3 Nc6 3. d4 exd4 4. Nxd4 Bc5 5. Be3 Qf6 6. c3
Nge7 7. Bc4 Ne5 8. Be2 Qg6 9. O-O d6 10. f3 O-O 11. Kh1 Bb6
12. a4 a5 13. Qb3 Nd7 14. Nd2 Nc5 15. Qc2 c6 16. b4 axb4
17. cxb4 Nd7 18. f4 d5 19. Bd3 dxe4 20. Bxe4 Qh6 21. Rf3 g6
22. Nc4 Bc7 23. g4 Nd5 24. Bxd5 cxd5 25. Nb5 Bb8 26. Ncd6 Bxd6
27. Nxd6 Nf6 28. g5 Qh5 29. Rff1 Ne4 30. Nxe4 dxe4 31. Qxe4
Bf5 32. Qd4 Rad8 33. Qc4 Bd3 34. Qc3 Qg4 0-1

[Event "Chess Olympiad (Women)"]
[Site "Khanty-Mansiysk RUS"]
[Date "2010.09.24"]
[EventDate "2010.09.21"]
[Round "4"]
[Result "1/2-1/2"]
[White "Oksana Romanovna Vovk"]
[Black "Betul Cemre Yildiz"]
[WhiteElo "2157"]
[BlackElo "2252"]
[PlyCount "31"]

1. d4 d5 2. c4 dxc4 3. Nf3 c5 4. d5 e6 5. Nc3 exd5 6. Qxd5
Qxd5 7. Nxd5 Bd6 8. e4 Nf6 9. Nxf6+ gxf6 10. Bxc4 Nc6 11. Be3
Ke7 12. O-O-O Be6 13. Bxe6 fxe6 14. Rd2 b6 15. Rhd1 Rad8
16. g3 1/2-1/2

[Event "Chess Olympiad (Women)"]
[Site "Khanty-Mansiysk RUS"]
[Date "2010.09.25"]
[EventDate "2010.09.21"]
[Round "5"]
[Result "0-1"]
[White "Betul Cemre Yildiz"]
[Black "Monika Seps"]
[WhiteElo "2252"]
[BlackElo "2184"]
[PlyCount "50"]

1. e4 c5 2. Nf3 Nc6 3. Bb5 g6 4. O-O Bg7 5. c3 Nf6 6. Re1 O-O
7. d4 cxd4 8. cxd4 d5 9. e5 Ne4 10. Bxc6 bxc6 11. Nbd2 Bf5
12. Nb3 f6 13. exf6 Rxf6 14. Be3 Bg4 15. Qc2 Bxf3 16. gxf3
Rxf3 17. Qxc6 Rf6 18. Qb5 Qd6 19. Rac1 Bh6 20. Re2 Rb8 21. Qa5
Bxe3 22. fxe3 Rbf8 23. Qxa7 Qe6 24. Qa5 Ng5 25. Nc5 Qg4+ 0-1

[Event "Chess Olympiad (Women)"]
[Site "Khanty-Mansiysk RUS"]
[Date "2010.09.27"]
[EventDate "2010.09.21"]
[Round "6"]
[Result "1-0"]
[White "Zeinab Mamedjarova"]
[Black "Betul Cemre Yildiz"]
[WhiteElo "2234"]
[BlackElo "2252"]
[PlyCount "129"]

1. d4 d5 2. Nf3 c5 3. e3 e6 4. b3 Nf6 5. Bd3 b6 6. O-O Ba6
7. Ne5 Bxd3 8. Qxd3 Nbd7 9. Nd2 Qc7 10. Bb2 Be7 11. f4 O-O
12. Rf3 Ne8 13. Rg3 Rc8 14. c4 dxc4 15. Ndxc4 cxd4 16. Bxd4
Ndf6 17. Nf3 Bc5 18. Be5 Qd7 19. Qe2 Ne4 20. Rh3 Rd8 21. Bd4
Bxd4 22. Nxd4 Qd5 23. Rf3 N8f6 24. Rff1 Rc8 25. Rac1 Qb7
26. Rc2 Nd5 27. Qf3 Nb4 28. Re2 Qd5 29. a3 Nc6 30. Nxc6 Rxc6
31. Ree1 Nf6 32. e4 Qc5+ 33. Kh1 b5 34. Ne5 Rc7 35. b4 Qc3
36. Re3 Qb2 37. g4 g6 38. g5 Nh5 39. Ng4 Rc1 40. f5 Rxf1+
41. Qxf1 e5 42. Qe2 Qa1+ 43. Qe1 Qd4 44. Nh6+ Kh8 45. Qc3 gxf5
46. Nxf5 Qxc3 47. Rxc3 f6 48. Rc5 fxg5 49. Rxb5 Nf6 50. Rxe5
Nxe4 51. Nd4 Nf2+ 52. Kg2 g4 53. Re7 Nd3 54. Rxa7 h5 55. Kg3
Rf2 56. b5 Rb2 57. a4 h4+ 58. Kxh4 Rxh2+ 59. Kxg4 Rb2 60. Kg5
Nc5 61. a5 Rd2 62. Kg6 Rg2+ 63. Kf6 Rb2 64. b6 Rb4 65. Kg6 1-0

[Event "Chess Olympiad (Women)"]
[Site "Khanty-Mansiysk RUS"]
[Date "2010.09.28"]
[EventDate "2010.09.21"]
[Round "7"]
[Result "1/2-1/2"]
[White "Betul Cemre Yildiz"]
[Black "Arianne Caoili"]
[WhiteElo "2252"]
[BlackElo "2243"]
[PlyCount "41"]

1. e4 e5 2. Nf3 Nc6 3. d4 exd4 4. Nxd4 Nf6 5. Nxc6 bxc6 6. e5
Qe7 7. Qe2 Nd5 8. c4 Ba6 9. Nd2 g6 10. Nf3 Qb4+ 11. Kd1 Rb8
12. Qc2 Ne7 13. b3 Bg7 14. Bd2 Qb6 15. c5 Qb7 16. Bxa6 Qxa6
17. Qc4 Qa3 18. Bc1 Qa5 19. Bd2 Qa3 20. Bc1 Qa5 21. Bd2
1/2-1/2

[Event "Chess Olympiad (Women)"]
[Site "Khanty-Mansiysk RUS"]
[Date "2010.09.29"]
[EventDate "2010.09.21"]
[Round "8"]
[Result "0-1"]
[White "Deborah Richards"]
[Black "Betul Cemre Yildiz"]
[WhiteElo "2003"]
[BlackElo "2252"]
[PlyCount "118"]

1. c4 e5 2. Nc3 Nf6 3. Nf3 Nc6 4. g3 d5 5. cxd5 Nxd5 6. Bg2
Nb6 7. O-O Be7 8. a3 O-O 9. d3 Be6 10. b4 a5 11. b5 Nd4
12. Nd2 Qd7 13. Rb1 Bd5 14. Nxd5 Nxd5 15. Bb2 a4 16. Nc4 f6
17. Bxd4 exd4 18. Qc2 Qe6 19. Rfe1 Nc3 20. Rb2 Rab8 21. e4 c6
22. b6 Bc5 23. e5 Qe7 24. Qd2 Rbe8 25. f4 Bxa3 26. Rc2 Bb4
27. Qf2 a3 28. Rcc1 a2 29. Qc2 Kh8 30. Qb3 Nb1 31. Qxa2 Bxe1
32. Rxb1 Bc3 33. Qb3 Ra8 34. Be4 g5 35. fxg5 fxe5 36. h4 Qf7
37. Qc2 Qe6 38. Kg2 Rf7 39. Qe2 Raf8 40. Rd1 Kg7 41. Nd2 Rf2+
42. Qxf2 Rxf2+ 43. Kxf2 Qa2 44. Ke2 Ba5 45. h5 Kg8 46. Bf5
Bxb6 47. Kf3 Qc2 48. Be6+ Kf8 49. Ke2 Ba5 50. Bf5 Kg8 51. Be6+
Kg7 52. Bf5 h6 53. g6 b5 54. Be6 e4 55. dxe4 Bxd2 56. Rxd2
Qxe4+ 57. Kd1 Qxe6 58. Rxd4 c5 59. Rf4 Qd5+ 0-1

[Event "Chess Olympiad (Women)"]
[Site "Khanty-Mansiysk RUS"]
[Date "2010.09.30"]
[EventDate "2010.09.21"]
[Round "9"]
[Result "1/2-1/2"]
[White "Betul Cemre Yildiz"]
[Black "Sarai Carolina Sanchez Castillo"]
[WhiteElo "2252"]
[BlackElo "2278"]
[PlyCount "79"]

1. e4 e6 2. d4 d5 3. Nc3 Bb4 4. e5 c5 5. Bd2 Bxc3 6. Bxc3 cxd4
7. Qxd4 Ne7 8. Nf3 Nbc6 9. Qg4 g6 10. Bd3 Bd7 11. O-O Qc7
12. Rfe1 h6 13. a4 O-O-O 14. b4 Nf5 15. b5 Na5 16. Bb4 Kb8
17. Bxf5 gxf5 18. Qg7 Nc4 19. Qxf7 Bc8 20. Qf6 Rdg8 21. Nd2
Ka8 22. Nb3 h5 23. a5 Rh7 24. Re2 Rf7 25. Qh6 Nxe5 26. Qf4 Ng6
27. Qxc7 Rxc7 28. b6 Rcg7 29. g3 e5 30. Nc5 a6 31. Rd1 f4
32. Rxd5 fxg3 33. fxg3 Nf4 34. Rdxe5 Nxe2+ 35. Rxe2 h4 36. Be1
Bh3 37. Bf2 Rf7 38. Nd3 Rf5 39. Re5 Rxe5 40. Nxe5 1/2-1/2

[Event "Chess Olympiad (Women)"]
[Site "Khanty-Mansiysk RUS"]
[Date "2010.10.01"]
[EventDate "2010.09.21"]
[Round "10"]
[Result "1-0"]
[White "Elena Sedina"]
[Black "Betul Cemre Yildiz"]
[WhiteElo "2342"]
[BlackElo "2252"]
[PlyCount "77"]

1. e4 e5 2. Bc4 Nf6 3. d3 c6 4. Nf3 d5 5. Bb3 a5 6. Nc3 Bb4
7. a3 Bxc3+ 8. bxc3 a4 9. Ba2 Qd6 10. exd5 Nxd5 11. Bd2 O-O
12. Ng5 h6 13. Ne4 Qg6 14. Qf3 Nd7 15. Qg3 Kh7 16. O-O b6
17. c4 Nc7 18. Qxg6+ Kxg6 19. f4 exf4 20. Bxf4 Ne6 21. Bd6 Re8
22. Bg3 c5 23. Nd6 Rf8 24. c3 Nf6 25. Rae1 Kh7 26. Be5 Ng4
27. Rxf7 Nxe5 28. Rxe5 Rxf7 29. Nxf7 Kg6 30. Nd6 Bd7 31. Bb1
Kf6 32. Re2 Bc6 33. Rf2+ Ke7 34. Nf5+ Kd8 35. d4 g6 36. Nxh6
cxd4 37. cxd4 Be8 38. Rf6 Bd7 39. Bxg6 1-0

[Event "Women's World Chess Championship"]
[Site "Antakya TUR"]
[Date "2010.12.04"]
[EventDate "2010.12.04"]
[Round "1"]
[Result "1/2-1/2"]
[White "Betul Cemre Yildiz"]
[Black "Pia Cramling"]
[WhiteElo "2225"]
[BlackElo "2526"]
[PlyCount "138"]

1. e4 c5 2. c3 Nf6 3. e5 Nd5 4. d4 cxd4 5. cxd4 d6 6. Nf3 Nc6
7. Bc4 Nb6 8. Bb3 d5 9. Nh4 e6 10. Nf3 Be7 11. O-O Bd7 12. Nc3
a6 13. a3 Rc8 14. Bc2 Na7 15. Bd3 Nc4 16. Ne2 Bb5 17. Ng3 h5
18. Ne2 Na5 19. Bxb5+ Nxb5 20. Qd3 Qb6 21. Re1 Nc4 22. Qb3 Na7
23. Qa2 Rc7 24. Rb1 Qa5 25. Rd1 Qb5 26. Nc3 Qd7 27. Qb3 b5
28. Bg5 O-O 29. Bxe7 Qxe7 30. Ne2 f6 31. exf6 Qxf6 32. Qd3 Nc6
33. Rf1 h4 34. Nd2 Rcf7 35. Nb3 e5 36. f3 e4 37. Qc3 exf3
38. Rxf3 Qg6 39. Rbf1 h3 40. Ng3 hxg2 41. Kxg2 Rxf3 42. Rxf3
Re8 43. Nc1 a5 44. b4 axb4 45. axb4 Qg4 46. Rd3 Qg5 47. Nb3
Re2+ 48. Kg1 Rb2 49. Qe1 Qg6 50. Kh1 Nxb4 51. Rf3 Rb1 52. Nc1
Nd6 53. Rb3 Rxb3 54. Nxb3 Nd3 55. Qe3 Ne4 56. Nd2 Ndf2+
57. Kg2 Ng4 58. Qd3 Qh6 59. Ndxe4 dxe4 60. Qxe4 Qxh2+ 61. Kf3
Nf6 62. Qe6+ Kh7 63. Qf5+ Kh8 64. Qxb5 Qd2 65. Qb8+ Kh7
66. Qe5 Qd1+ 67. Kg2 Qd2+ 68. Kf3 Qd1+ 69. Kg2 Qd2+ 1/2-1/2

[Event "Women's World Chess Championship"]
[Site "Antakya TUR"]
[Date "2010.12.04"]
[EventDate "2010.12.04"]
[Round "1"]
[Result "0-1"]
[White "Pia Cramling"]
[Black "Betul Cemre Yildiz"]
[WhiteElo "2526"]
[BlackElo "2225"]
[PlyCount "54"]

1. Nf3 d5 2. c4 dxc4 3. Qa4+ Nc6 4. e3 Bd7 5. Bxc4 e6 6. Qc2
Na5 7. Be2 c5 8. b3 Nf6 9. Bb2 Be7 10. O-O Rc8 11. d3 O-O
12. Nbd2 b6 13. Rac1 Nc6 14. Qb1 Ne8 15. a3 Bf6 16. b4 cxb4
17. axb4 Nd6 18. Bxf6 Qxf6 19. d4 Qe7 20. Qb2 Rb8 21. b5 Na5
22. Qb4 Bc8 23. Ne5 Bb7 24. e4 Rbc8 25. Nec4 Naxc4 26. Nxc4
Rfd8 27. Nxd6 Rxd6 0-1

[Event "Women's World Chess Championship"]
[Site "Antakya TUR"]
[Date "2010.12.07"]
[EventDate "2010.12.04"]
[Round "2.1"]
[Result "0-1"]
[White "Betul Cemre Yildiz"]
[Black "Mariya Muzychuk"]
[WhiteElo "2225"]
[BlackElo "2462"]
[PlyCount "72"]

1. e4 c5 2. Nf3 e6 3. c3 d5 4. exd5 Qxd5 5. d4 Nf6 6. Be3 cxd4
7. cxd4 Bb4+ 8. Nc3 Bd7 9. Bd3 Bb5 10. O-O Bxc3 11. bxc3 Nbd7
12. Bxb5 Qxb5 13. Rb1 Qc6 14. Qb3 b6 15. c4 O-O 16. Rfd1 Ne4
17. Rbc1 Rfd8 18. Bf4 Rac8 19. Qe3 Qb7 20. Ng5 Ndf6 21. Be5 h6
22. Bxf6 Nxf6 23. Nf3 Ne4 24. Ne5 Nd6 25. d5 exd5 26. cxd5 Re8
27. Rxc8 Qxc8 28. Qa3 Qc2 29. Rf1 Nb5 30. Qb4 Nc3 31. Nc6 Nxd5
32. Qb5 Nc3 33. Nd4 Nxb5 34. Nxc2 Nc3 35. Ra1 Re2 36. Nb4 a5
0-1

[Event "Women's World Chess Championship"]
[Site "Antakya TUR"]
[Date "2010.12.08"]
[EventDate "2010.12.04"]
[Round "2.2"]
[Result "1-0"]
[White "Mariya Muzychuk"]
[Black "Betul Cemre Yildiz"]
[WhiteElo "2462"]
[BlackElo "2225"]
[PlyCount "101"]

1. d4 d5 2. Nf3 c5 3. c4 dxc4 4. e4 cxd4 5. Qxd4 Qc7 6. Bxc4
Nc6 7. Qd3 e6 8. O-O a6 9. a3 Nf6 10. Qe2 Ng4 11. g3 b5
12. Ba2 Bc5 13. Nc3 O-O 14. Bf4 e5 15. Nd5 Qa7 16. Bd2 Kh8
17. b4 Nd4 18. Nxd4 Bxd4 19. Bc3 f5 20. Bxd4 Qxd4 21. Ne7 f4
22. Nxc8 fxg3 23. Rad1 gxf2+ 24. Kh1 Qe3 25. Qxg4 Raxc8
26. Bd5 Rc3 27. Qg3 Qxg3 28. hxg3 Rxg3 29. Rd2 Rxa3 30. Rdxf2
Rxf2 31. Rxf2 h6 32. Rf5 a5 33. bxa5 b4 34. Rxe5 Rxa5 35. Re8+
Kh7 36. Rb8 Kg6 37. Rxb4 Kf6 38. Kg2 Ra3 39. Rb7 g6 40. Rb6+
Kg5 41. Bf7 Kf4 42. Bxg6 h5 43. Bf5 Rc3 44. Kh2 Ra3 45. Rb2
Re3 46. Rg2 Ra3 47. Rf2+ Kg5 48. e5 Re3 49. e6 Re5 50. Bh3 Re3
51. Kg2 1-0